| 000 | 00475nam a22001697a 4500 | ||
|---|---|---|---|
| 999 |
_c523689 _d523689 |
||
| 003 | NUST | ||
| 038 | _awaseem | ||
| 082 |
_a891.43905 _bCHU |
||
| 100 |
_aChudary, Barkat Ali _914462 |
||
| 245 |
_aMahanama Adab Latif / _cBarkat Ali Chudary |
||
| 260 |
_aLahore : _bMakteb-e-Jadeed Press, _c2015. |
||
| 300 | _a304 p. ; | ||
| 500 | _aPaperback. | ||
| 880 |
_6100-02\r _aبرکت علی جوہدری |
||
| 880 |
_6245-02\r _aماہنامہ ادب لطیف / |
||
| 942 |
_2ddc _cBK |
||